ha-Otsar ba-meʻarah / (Record no. 31074)
[ view plain ]
| 000 -LEADER | |
|---|---|
| fixed length control field | 00803cam a22002411 4500 |
| 001 - CONTROL NUMBER | |
| control field | he 65000605 |
| 003 - CONTROL NUMBER IDENTIFIER | |
| control field | DLC |
| 005 - DATE AND TIME OF LATEST TRANSACTION | |
| control field | 20260227111430.0 |
| 008 - FIXED-LENGTH DATA ELEMENTS--GENERAL INFORMATION | |
| fixed length control field | 840125s1964 nyua j 000 0 hebr |
| 010 ## - LIBRARY OF CONGRESS CONTROL NUMBER | |
| LC control number | he 65000605 |
| 035 ## - SYSTEM CONTROL NUMBER | |
| System control number | (OCoLC)19146462 |
| 040 ## - CATALOGING SOURCE | |
| Original cataloging agency | DLC |
| Transcribing agency | MH |
| Modifying agency | TxU |
| -- | DLC |
| 042 ## - AUTHENTICATION CODE | |
| Authentication code | premarc |
| 050 00 - LIBRARY OF CONGRESS CALL NUMBER | |
| Classification number | PZ90.H3 |
| Item number | I47 1964 |
| 100 1# - MAIN ENTRY--PERSONAL NAME | |
| Personal name | Indelman, Elchanan. |
| 245 13 - TITLE STATEMENT | |
| Title | ha-Otsar ba-meʻarah / |
| Statement of responsibility, etc. | Meʻubad ʻal yede Elḥanan Idelman, ʻal pi ha-maḥazeh me-et Mikhaʼel Almaz. Metsuyar be-yad Lili Kesel. |
| 260 ## - PUBLICATION, DISTRIBUTION, ETC. | |
| Place of publication, distribution, etc. | Nyu-York, |
| Name of publisher, distributor, etc. | Ṿaʻadat ha-ḥinukh ʻal yad Bate ha-keneset ha-meʼuḥadim |
| Date of publication, distribution, etc. | [1964] |
| 300 ## - PHYSICAL DESCRIPTION | |
| Extent | 46 p. |
| Other physical details | illus. |
| Dimensions | 24 cm. |
| 490 0# - SERIES STATEMENT | |
| Series statement | Sifriyah ʻoneg, |
| Volume/sequential designation | 5 |
| 500 ## - GENERAL NOTE | |
| General note | Added t.p.: The treasure in the cave. |
| 500 ## - GENERAL NOTE | |
| General note | Vocalized. |
| 700 1# - ADDED ENTRY--PERSONAL NAME | |
| Personal name | Almaz, Michael. |
No items available.